[Event "FIDE-Wch k.o."]
[Site "Groningen"]
[Date "1997.12.20"]
[Round "5.1"]
[White "Anand, Viswanathan"]
[Black "Shirov, Alexei"]
[Result "1-0"]
[WhiteElo "2765"]
[BlackElo "2700"]
[Annotator "Anand,V"]
[PlyCount "83"]
[EventDate "1997.12.09"]
[EventType "k.o."]
[EventRounds "7"]
[EventCountry "NED"]
[SourceTitle "CBM 063"]
[Source "ChessBase"]
[SourceDate "1998.03.26"]
[SourceVersion "1"]
[SourceVersionDate "1998.03.26"]
[SourceQuality "1"]

{Wedberg: Shirovs novelty in his pet line doesn't help him much. Anand gets a
good game right from the beginning. He plays the final assault with the
precision we now have come to expect from him.} 1. e4 {Wedberg Ftacnik} e5 2.
Nf3 Nc6 3. Bb5 a6 4. Ba4 Nf6 5. O-O b5 6. Bb3 Bc5 7. a4 Rb8 8. c3 d6 9. d4 Bb6
10. Na3 O-O 11. axb5 axb5 12. Nxb5 Bg4 13. Be3 (13. Bc2 {Wedberg} d5 14. Bg5 (
14. exd5 Qxd5 15. dxe5 $14 (15. dxe5 Qxb5 16. Ba4 $1 Bxf3 17. Qxf3 $1 Nxe5 18.
Bxb5 Nxf3+ 19. gxf3 Bxf2+ 20. Kxf2 Rxb5 $14)) (14. h3 $5 Bxf3 15. Qxf3 exd4 16.
Bg5 $13) 14... exd4 15. cxd4 Bxf3 16. Qxf3 Bxd4 $10 {Topalov,V-Shirov,A/Wijk
1996/CBM 51/[Shirov]/1/2-1/2 (53)} (16... Bxd4 $10 {Ftacnik} 17. exd5 Qxd5 18.
Qxd5 Nxd5 19. Nxd4 Nxd4 20. Be4 Nf6 21. Bxf6 gxf6 {Topalov,V-Shirov,A/Wijk
1996/1/2-1/2 (53)})) (13. Re1 {Wedberg Ftacnik} Bxf3 14. gxf3 Nh5 15. Be3 Qf6
16. Kh1 exd4 17. cxd4 Ba5 18. Rg1 Rxb5 19. Ba4 Rxb2 20. Bxc6 Bb6 21. Rg4 Rb4
22. e5 dxe5 23. dxe5 Qe7 {1/2-1/2 Ivanchuk,V-Shirov,A/Investbanka 1997/ (45)})
13... exd4 (13... d5 {Wedberg} 14. exd5 Nxd5 15. h3 Bh5 16. Bg5 Bxf3 17. Qxf3
Qxg5 18. Bxd5 Ne7 19. dxe5 Qxe5 20. Bc4 $16 {1-0 Almasi,Z-Arduman,C/EUCup G6
1997/CBM 62 (41)} (20. Bc4 {Ftacnik} Ng6 21. Rad1 Qc5 22. Na3 Ne5 23. Qe4 Nxc4
24. Nxc4 {1-0 Almasi,Z-Arduman,C/EUCup G6 1997/ (41)})) (13... d5 {Wedberg
Ubilava}) 14. cxd4 Qe8 (14... Nxe4 $1 {Nijboer-Piket Wijk aan Zee 1998}) (14...
Nxe4 $2 {Wedberg} 15. Bd5 Qe8 16. Qc2 (16. h3 {Ftacnik} Bf5 17. Re1 Nb4 18. Bc4
c6 19. Na3 d5 20. Bf1 Bc7 21. Qc1 Rb6 22. Bf4 {1-0 Nijboer,F-Piket,J/Hoogovens
1998/ (35)}) 16... Nb4 (16... Bxf3 17. Bxc6 Qe6 18. gxf3 Qg6+ 19. Bg5 Qxg5+ 20.
Kh1 Nf6 $11) 17. Qxe4 Nxd5 (17... Qxb5 18. Qxg4 Nxd5 19. Bh6 $18) 18. Qxd5 c6
19. Qxd6 Bxf3 20. gxf3 cxb5 21. Ra6 $16) 15. h3 $1 (15. Nc3 Nxe4 16. h3 Bf5)
15... Bd7 (15... Bh5 16. Ba4 Qxe4 (16... Nxe4 {Wedberg} 17. Nc3 $16) 17. Nc3
Bxf3 18. Nxe4 Bxd1 19. Nxf6+ (19. Bxc6) 19... gxf6 20. Bxc6 $16 {ץb6}) (15...
Bxf3 $2 16. Qxf3 Nxe4 17. Bd5) 16. Nc3 Nxe4 17. Re1 {>< Qe8 Wedberg: Whites
space advantage gives him a clear plus.} Nxc3 18. bxc3 $14 {>< Bb6} Qc8 (18...
Qd8 {Wedberg Ubilava} 19. Bc2 $36) 19. c4 $1 {Ftacnik: Somewhat surpising move,
since white pawns were limiting black pieces Bb6 and Nc6. Black was
threatening Na5 and c5, so white prepares for further blockade.} (19. Ng5 {
Wedberg Ftacnik} h6 20. Ne4 Bf5 21. Ng3 Bg6 $14) (19. g4 {Wedberg Ftacnik} Na5
20. Bc2 f5 $1 $13) 19... Bf5 (19... Na5 {Wedberg Ftacnik} 20. Ba2 c5 21. d5 $14
) 20. Re2 {/\ 21.c5} (20. c5 Ba5) 20... Na5 21. Ba2 c5 22. d5 $1 {>< Na5} Bd8
23. Bd2 {Wedberg: The N on a5 is poorly placed. Especially if White starts
operations on the K-side. Blacks hope is some play against c4. Ftacnik: Black
will now suffer because of the misplaced Na5.} (23. Bg5 {Wedberg Ftacnik} Bxg5
24. Nxg5 Rb4 $11) 23... Qa6 {The Q is not well placed here. There is no real
play against c4.} (23... Bd3 {Wedberg} 24. Re3 Bxc4 $2 25. Bxa5 $18) (23... Nb7
$142 {Wedberg}) 24. Qa4 Ra8 (24... Bd3 25. Re3 Bxc4 26. Bxc4 Qxc4 27. Bxa5 Rb1+
28. Be1 $18) (24... Bf6 {Wedberg} 25. Rae1 Ra8 26. Re8 $18 Nb7 {Ftacnik} (26...
h5 {Ubilava} 27. Rxa8 Rxa8 28. Re8+ (28. Bxa5 Kh7) 28... Rxe8 29. Qxe8+ Kh7 30.
Bg5 Bg6 31. Bxf6 gxf6 32. Nh4 $18 (32. Bb1 $18)) 27. Rxf8+ Kxf8 28. Re8+ Rxe8
29. Qxa6 $18) 25. Bc3 $16 {/^ a1-h8} Nb7 26. Qd1 $1 (26. Qxa6 {Ftacnik} Rxa6
27. Rb2 Bc8 $14) 26... Ba5 $6 (26... Qb6 $142 $16) 27. Bb2 Bb4 28. Nh4 $1 {
This starts the K-side session. Black is well entrenched on the other side, so
prospects are very good for a successful attack.} Bg6 (28... Bd7 29. Re7 $1 $18
(29. Re7 {Wedberg} Ba4 (29... Rfe8 {Ubilava} 30. Rxd7 Re1+ 31. Qxe1 Bxe1 32.
Rxe1 Qxa2 33. Rxb7 Qxc4 34. Nf5 $18) 30. Qg4 $18)) (28... Bc8 29. Qd3 $1 $40)
29. f4 {Ftacnik: With queenside safely fixed white can finally focus his
attention to the kingside attack.} Qa4 (29... f6 30. Nxg6 hxg6 31. Qd3 $18 Kh7
{Wedberg} 32. Bb1 Qxa1 33. Qxg6+ Kg8 34. Bxa1 Rxa1 35. Re7 Rxb1+ 36. Kh2 $18) (
29... h6 {Ftacnik} 30. f5 Bh7 31. Re7 $16) (29... f5 {Ftacnik} 30. Nxg6 hxg6
31. Re6 $18) 30. Qxa4 (30. Bb3 $5 Qd7 31. Rxa8 (31. f5 {Wedberg} Bxf5 32. Ba4
Qc8 33. Re7 $16) (31. Ba4 Qd8 {Anand}) 31... Rxa8 32. f5 $1 Bxf5 33. Ba4 $1
Rxa4 34. Nxf5 $18) 30... Rxa4 31. f5 Rfa8 (31... Bh5 32. g4 $18) 32. Re7 $1 (
32. fxg6 $2 hxg6 33. Nf3 f6 {>< Ba2}) (32. Bb1 {Wedberg} Rxa1 33. Bxa1 Bh5 34.
g4 f6 35. Bb2 $14) 32... Bh5 (32... Na5 33. fxg6 $18 (33. fxg6 {Wedberg} hxg6
34. Nf3 $18)) 33. g4 $1 (33. Rxb7 $2 f6 $13) 33... f6 34. gxh5 Rxa2 35. Rxa2
Rxa2 {[#]} 36. h6 $1 $18 {Ftacnik: This brilliant moves crowns white's
strategical triumph. White manages to bring hopeless Bb2 to life or win the
endgame hands down.} Rxb2 (36... gxh6 37. Bxf6 Nd8 (37... Na5 {Wedberg} 38.
Rg7+ Kf8 39. Rxh7 Nxc4 40. Ng6+ Ke8 41. Re7+ Kd8 42. Re2+ $18) 38. Ng6 $1 $18)
37. Rxg7+ Kh8 (37... Kf8 {Wedberg Ftacnik} 38. Rxb7 (38. Rxh7 {Ubilava /\ Ng6+
+-}) 38... Kg8 39. Rb8+ Kf7 40. Rh8 $18) 38. Rxb7 Bc3 39. Rd7 Kg8 40. Rd8+ Kf7
41. Rh8 $1 (41. Ng6 $2 Bd4+ 42. Kh1 (42. Kf1 Rf2+ {/\ Rxf5} (42... Rf2+ 43. Ke1
Rxf5)) 42... Rb1+ (42... hxg6 {Ftacnik} 43. h7 $18) 43. Kg2 (43. Kh2 {Wedberg}
Rb2+ (43... Be5+ 44. Kg2 Rb2+ 45. Kf1 $18) 44. Kg3 Rb3+ (44... hxg6 45. h7 Be5+
46. Kh4 (46. Kg4 Rg2+ 47. Kf3 Rg3+ 48. Ke2 Rxh3 $11) (46. Kf3 Rb3+) 46... g5+
47. Kh5 Rh2 48. Rd7+ (48. h8=Q Rxh3+ 49. Kg4 Rg3+ 50. Kh5 Rh3+ $11) 48... Ke8
49. h8=Q+ Kxd7 $11 {Can White force a mate? If not it's a draw.}) 45. Kg4 hxg6
46. h7 gxf5+ 47. Kxf5 Rf3+ 48. Kg4 Rf1 $11) 43... Rb2+ 44. Kf3 Rf2+ 45. Kg4
Rg2+ 46. Kf4 Rf2+ 47. Ke4 hxg6 48. h7 gxf5+ 49. Kd3 Rf3+ 50. Kd2 Rxh3 $11)
41... Bd4+ 42. Kf1 (42. Kf1 {Wedberg} Rf2+ 43. Ke1 Rf4 (43... Rh2 {Ftacnik} 44.
Rxh7+ Ke8 45. Rh8+ Ke7 (45... Kf7 46. Ng6) 46. h7 $18) 44. Rxh7+ Ke8 45. Ng6
Rxf5 46. Re7+ Kd8 47. h7 $18) 1-0

[Event "Corus"]
[Site "Wijk aan Zee"]
[Date "2001.01.16"]
[Round "3"]
[White "Kasparov, Garry"]
[Black "Anand, Viswanathan"]
[Result "1/2-1/2"]
[WhiteElo "2849"]
[BlackElo "2790"]
[Annotator "Anand,V"]
[PlyCount "74"]
[EventDate "2001.01.13"]
[EventType "tourn"]
[EventRounds "13"]
[EventCountry "NED"]
[EventCategory "19"]
[SourceTitle "CBM 081"]
[Source "ChessBase"]
[SourceDate "2001.03.20"]
[SourceVersion "1"]
[SourceVersionDate "2001.03.20"]
[SourceQuality "1"]

{Kasparov and I had played 40 classical games against each other before this
game. Nonetheless, this game was a first. I had achieved a personal milestone
in December winning the World Championship and this was my first tournament
after that.  Of course, in a certain sense, so had Kasparov. "After death" as
he put it in the closing ceremony.  He usually turns up late for the game
hoping to avoid photographers, but I noticed this doesn't work anymore. The
photographers simply came to our table 5 minutes later!  Anyway, my
ruminations about the game ended and we started to bash out our opening moves.
} 1. e4 {Wedberg} e5 2. Nf3 Nc6 3. Bb5 a6 4. Ba4 Nf6 5. O-O Bc5 {I have played
this quite often, though not recently. Still after facing it so often in the
World Championship (and preparing for it) I felt that I could play it myself. 
I suppose it didn't come as a surprise to him - in Linares 1998 (after I came
off the matches with Karpov and Adams) I used the Caro-Kann against him!} 6. c3
b5 7. Bb3 {I was curious what line he would choose. Both Vlady and Alexei
tried 5...b5 and 6...Bc5, but no one had played the direct Bc5 against him.} d6
8. a4 Bg4 9. h3 Bxf3 {Mickey Adams went for Bh5 in our semi-final in Delhi.}
10. Qxf3 O-O 11. a5 $5 {After a long think.  Wedberg: 'Not the standard
approach. White prevents Na5, but gets a slightly weak a5-P in return.'} (11.
d3 Rb8 (11... Na5 {Wedberg} 12. Bc2 b4 13. Nd2 Rb8 14. Qe2 (14. Re1 Qd7 $11 (
14... h6 $6 15. Rb1 $1 $14 {1-0 Leko,P-Garcia,G/Yopal 1997/CBM 60 (51) 
[Rodriguez]})) 14... Re8 15. Nf3 bxc3 16. bxc3 Nb3 17. Bxb3 Rxb3 18. d4 $5 (18.
Qc2 Qb8 $1 $13 {0-1 Hansen,S-Hector,J/Skaenninge 1998/CBM 65/[Wedberg] (31)})
18... exd4 19. cxd4 Rxf3 20. Qxf3 $6 (20. dxc5 Rc3 21. Qxa6 $14) 20... Bxd4 21.
Ra2 Nxe4 $44 {1-0 Anand,V-Karpov,A/FIDE-Wch k.o. f 1998/CBM 63/[Anand] (41)})
12. Nd2 {Here Black's next move is specifically to avoid a4-a5} Na5 13. Bc2 b4
{Anand-Karpov Lausanne 1998}) 11... Rb8 $1 {I came to this move by elimination.
Black normally goes for Na5 and b4, but now 11...b4 is met by 12.Bc4 and
Black's a6 weakness will haunt him. So Black has to switch plans. He wants to
play Nd7, Ne7 and f5. However, neither knight move is entirely satisfactory,
so Black first gets his rook out of the way} (11... Nd7 $2 12. Bd5) (11... Ne7
12. Rd1 {/\ d4} (12. d3 {Wedberg} Nd7 13. Nd2 Kh8 14. Qe2 Ba7 15. Nf3 Nc5 16.
Ba2 Ne6 17. g3 Qd7 18. Kg2 Rae8 19. Bd2 f5 $132 {1-0 Sulypa,A-Malaniuk,V/
Donetsk 1998/CBM 68 (36)})) 12. d3 Nd7 13. Be3 {This came as a surprise to me.
I felt that if White swapped bishops, then Black should be OK. Still, White is
a tempo short to prevent f5, so perhaps Black has equalized.} (13. Nd2 Kh8 14.
Rd1 Ne7 15. Nf1 (15. g4 Ba7 {/\ Nc5-e6}) 15... f5) 13... Kh8 14. Nd2 Ne7 15.
Bc2 (15. d4 exd4 16. cxd4 Bb4 {Now it turns out that the a5 pawn can be weak
as well!} 17. Bc2 c5 18. dxc5 dxc5 19. Nb3 Nc6 20. Rfd1 Qe7 $1 {It will be
difficult to actually capture the a5 pawn without allowing White any
compensation, but Black is in no danger here.}) 15... Bxe3 $1 (15... f5 16. d4
f4 17. dxc5 fxe3 18. Qxe3 Nxc5 19. b4 $14) 16. fxe3 $6 {'!?' Wedberg. Wedberg:
'Aggressive as always Kasparov opens an avenue of attack on the black K. The
centre Ps becomes less flexible, but an extra centre P can come in handy if
Black later tries a break with d5 or f5.'} (16. Qxe3 c5 $11) 16... c5 17. Bb3
c4 $2 {I got a bit excited here. Simply Nf6 gives Black a good game  Wedberg:
'Black disturbs the cooperation of the White pieces and disrupts the
P-formation.'} (17... Nf6 $1 18. Bd5 $11 {This allows White to maintain the
balance.} (18. g4 $5 $36 {Wedberg: a5 is weak but White can throw everything
at the Black K.})) 18. dxc4 Nc5 (18... b4 {My original intention. White has
only one move to avoid being strangled after Nc5} 19. c5 (19. cxb4 Rxb4 $132)
19... Nxc5 20. Bxf7 $1 {It simply slipped my mind that White could play this.
However, there is no way to exploit the pin.} bxc3 21. bxc3 Nc6 (21... Ng8 {
Wedberg} 22. Qe2 Nf6 23. Bd5 Rb5 $13) 22. Qh5 $1 {Followed by Bd5}) 19. cxb5
Nxb3 (19... Rxb5 $2 20. Bxf7 Rxb2 21. Nc4 $16) 20. Nxb3 Rxb5 21. Qd1 $1 $14 Qc7
22. Ra4 $1 Nc6 $2 {Now Black starts to get into real trouble} (22... Rfb8 23.
Nd2 Rxb2 24. Nc4 R2b3 25. Qxd6 Qxd6 26. Nxd6 f6 27. Rc4 $16) (22... Kg8 $1 23.
Nd2 (23. c4 Rb7 24. c5 dxc5 25. Rc4 Rb5 26. Qc2) 23... Rxa5 (23... Rxb2 24. Nc4
Rb5 25. Qxd6 Rc5 26. Qxa6 $1) 24. Nc4 (24. Rxa5 Qxa5 25. Nc4 Qc5) 24... Rc5 $1
{This seems to give Black enough counterplay to offset his queenside
weaknesses.} (24... Rxa4 25. Qxa4 $14) 25. Qd3 (25. Nxd6 Rd8 26. Rxa6 Rc6)
25... d5 $1 $132 26. exd5 Nxd5 {A sample line:} 27. Rxa6 Nxc3 $1 28. Nd6 Nd5
29. Nxf7 Rc1 30. Qxd5 Rxf1+ 31. Kxf1 Qxf7+ (31... Qc1+ 32. Ke2 Qxb2+ 33. Kf3
Rxf7+ 34. Kg3 Qf2+ 35. Kh2 h6 36. Qxe5 $14) 32. Qxf7+ Rxf7+ 33. Ke2 Rb7 $1 {
Black looks quite close to a draw}) (22... f6 {Wedberg: better according to
Kasparov.}) 23. Nd2 $1 Nxa5 (23... Rxa5 24. Nc4 Rxa4 25. Qxa4 $16 {The knight
on c6 is misplaced.}) 24. b4 Nb7 $8 {With a horrible knight. That evening, we
dined in the hotel restaurant. Kasparov had taken a look at the game and told
me: "This game does neither of us proud! We both missed wins".  Let's look at
his win.} 25. Qc2 $2 {'?!' Wedberg.} (25. Rxa6 $1 Qxc3 26. Rxf7 Rg8 {We both
thought this was OK for Black - he takes on b4.} 27. Qf1 $1 {Fritzy suggests
this quickly} Nd8 (27... Rxb4 28. Ra8 $1) (27... Qxe3+ 28. Kh2 Rb6 29. Ra8 $1
$18) 28. Rxg7 $3 Kxg7 29. Rxd6 $1 Qxe3+ 30. Kh1 Qf4 31. Qxb5 {Black has one
last resource.} Nf7 32. Rd3 $1 {The right move} (32. Rd7 Rc8 33. Nf3 {Fritzy
wanted to take on f7, but with the loose pawns, Black should be OK.} (33. Rxf7+
Qxf7 34. Qxe5+ Qf6 35. Qg3+) (33. Nb3 Rc3 $1 34. Qd5 Rxh3+ 35. gxh3 Qf1+ $11)
33... Rc1+ 34. Ng1 Qxe4 $16 {It's not over yet.}) 32... Ra8 (32... Rc8 33. Rf3
(33. Nb3 {Is also good}) 33... Qxd2 34. Rxf7+ Kxf7 35. Qb7+ Kf6 36. Qxc8 Qe1+
37. Kh2 Qxe4 38. Qf8+ $16) 33. Nb3 $1 (33. Rf3 Qxd2 34. Rxf7+ Kxf7 35. Qb7+ Kg6
$1 (35... Kf6 36. Qxa8 Qc1+ 37. Kh2 Qf4+ 38. Kg1 Qc1+ 39. Kf2 Qd2+ 40. Kf3 Qd1+
41. Kg3 Qe1+ 42. Kg4 Qe2+ 43. Kh4 $1 $18) 36. Qxa8 Qc1+ 37. Kh2 Qf4+ 38. Kg1
Qc1+ 39. Kf2 Qd2+ 40. Kf3 Qd3+ 41. Kg4 Qe2+ {With the king on g6, White can't
escape into the kingside}) 33... Qxe4 34. Rg3+ $16 {White has an extra pawn
and attacking chances to boot.}) 25... h6 26. Qd3 Rb6 27. Rfa1 Rc6 28. R1a3 (
28. Qd5 {Leads to the same thing.} Rxc3 (28... a5 29. bxa5 Rc5 30. Qa2) 29.
Rxa6) (28. Rxa6 $1 Rxc3 29. Qd5 $36 {This position is unpleasant for Black,
but if he hangs on stubbornly it isn't easy for White to break through.}) 28...
a5 $1 {Black looks fine now.} 29. Kh2 $2 (29. Qd5 Rxc3 30. Rxc3 Qxc3 31. Qxb7
Qxd2 $11) 29... d5 $1 {Of course, the X-ray on h2 means that White can't
capture.} 30. Qb5 $2 {Having blundered, he made this move very quickly and
forgot that Black can use the same trick again!} (30. Qxd5 $1 Rd8 31. Qa2 Rxc3
32. Nf3 $1 {White should be able to survive here.}) 30... d4 $1 {Wedberg: 'The
backward d-P is growing up.'} 31. bxa5 dxc3 (31... Nd6 32. Qxe5 $1 ({Now} 32.
Qd5 dxc3 33. Nb3 Nc4 {wins}) 32... dxc3 33. Nb3 c2 34. Nc1 $1 {Of course,
White doesn't have to play a6 now.} Re8 35. Qg3 Qe7 36. a6 Nxe4 37. Qf3 Rcc8
38. a7 $132) 32. Nb3 Nc5 $2 (32... c2 $1 {The second moment that Kasparov
mentioned at dinner.} 33. a6 $1 {Annoyed at having missed a "simple" win, I
tried to find a way for White to save the game.} (33. Nc1 {At the post-mortem,
we both assumed that White could defend with this move.} Nc5 34. Rb4 (34. Rc4
Rb8 $19) 34... Na6 $1 {/\ Rb8, Rd8-/+. We agreed that White is lost here.})
33... Nd6 $1 (33... Nc5 34. Rc4 Nxb3 (34... Rb8 $2 35. Qxc5 Rxc5 36. Nxc5 $16)
35. Qxc6 Qxc6 36. Rxc6 c1=Q 37. Rxc1 Nxc1 38. a7 Ra8 39. Kg3 $1 {Going after
the trapped knight} g6 40. Kf2 f5 41. exf5 gxf5 42. e4 fxe4 43. Ke3 $11) 34.
Qd5 {The only way.} (34. Qxe5 c1=Q 35. Nxc1 Rxc1 36. a7 (36. Rd3 Rc6 37. a7 (
37. Rad4 Re8 38. Qf4 Nxe4 39. Qxc7 Rxc7 40. Rd8 Rxd8 41. Rxd8+ Kh7 42. Ra8 Kg6
43. a7 Nc3 $19) 37... Ra8 38. Rad4 (38. Qf4 Nb5 $19) 38... Ne8 39. Qxc7 Rxc7
$19) 36... Ra8 37. Qf4 (37. Rd3 Ne8 $1 (37... Nb5 38. Qxc7 Rxc7 39. Ra5 $1 Nxa7
40. Rda3 $15) 38. Qxc7 Rxc7 39. Rda3) 37... Nb5 38. Rb3 Rxa7) 34... Rc5 $1 (
34... c1=Q {Transposes} 35. Nxc1 Rc5 $1 36. Qd2) 35. Qd2 c1=Q 36. Nxc1 Rxc1 37.
a7 $1 {I was surprised to find that play is forced from here on.} Ra8 38. Qd5 (
38. Ra6 Nc8 39. Rd3) 38... Qc6 (38... Rc6 $4 39. Ra6 $1 $18) (38... Nb7 $6 39.
Rb4 Rc6 40. Rxb7 (40. Qb3 Nd8 41. Rb8 Rxa7 42. Rxa7 Qxa7 43. Rxd8+ Kh7 44. Qd5
Rg6 45. Qa8 Qxa8 46. Rxa8 $11) 40... Qxb7 41. Rb3 Qxa7 42. Qxc6 $11) 39. Ra6 $1
(39. Rb4 Kh7 40. Rb8 Qxd5 41. exd5 Rc8 42. Ra6 (42. Rxa8 Rxa8 43. Ra6 Nc8 44.
Rc6 Ne7) 42... Rxa7 $1) 39... Qxd5 40. exd5 Ne4 (40... Nc8 41. d6 $1 Rd1 42.
Rc3 Kh7 (42... Nxd6 43. Rb3 Rc1 44. Rb8+ Rc8 45. Rxd6 Raxb8 46. axb8=Q Rxb8 $15
) 43. Rxc8 Rxc8 44. a8=Q Rxa8 45. Rxa8 Rxd6 $15 {With the pawn on e5 instead
of e6 (as in Karpov-Hort Waddinxveen 1979), I think White's chances to hold
are quite good.}) 41. Rb6 Rcc8 42. Rb7 {Again, White has chances to hold.
Still, in both endgames arising after Black's 40th move, White would have to
suffer a lot.  So 32...c2 was the right move.}) (32... Nd6 33. Qxe5 $1 c2 34.
Nc1) 33. Rc4 $1 {I hadn't overlooked this move, but having rejected 32...c2, I
thought that I might find something here.  Wedberg: 'A nice defence by
Kasparov.'} Rb8 34. Qxc6 Qxc6 35. Nxc5 {However, there doesn't seem to be
anything here.} Qb5 {Forcing the draw} (35... Rb2 36. Raxc3 $1 (36. Rcxc3 $4
Qg6) 36... Re2 $1 37. Rc2 Rxe3 38. a6 Ra3 39. R4c3 $1 {Black is forced to
trade rooks.}) 36. Rcxc3 Qe2 37. Nd7 Rb2 1/2-1/2